• 首页
  • 本馆介绍
  • 公告通知
  • 最新文献
  • 馆藏检索
  • 电子资源
  • 读者导购
  • 参考咨询
  • 我的图书馆
  • 登录
  • 详细信息显示
  • 放入我的书架
  • 预约/预借图书
  • 作者相关作品
  • 分类相关作品
  • 丛书相关作品
  • 出版社相关作品

书目信息

  • 表格格式
  • 工作单格式
  • 卡片格式
题名:
饲料配方手册
    
 
作者: 罗伯英 , 汤健华 编著
分册:  
出版信息: 北京   世界图书出版公司  1989.8
页数: 295页
开本: 19厘米
丛书名:
单 册:
中图分类: S816.8
科图分类:
主题词: 配合饲料--配方--手册
电子资源:
ISBN: 7-5062-0441-X
000 00869nam0 2200253 450
001 0100297045
005 20020928000000.0
010    @a7-5062-0441-X@dCNY4.90
011    @a7-5062-0441-X
100    @a19921104d1989 em y0chiy0110 ea
101 0  @achi
102    @aCN@b110000
105    @ay z 000yy
106    @ar
200 1  @a饲料配方手册@9Si Liao Pei Fang Shou Ce @f罗伯英,汤健华编著@b专著
210    @a北京@c世界图书出版公司@d1989.8
215    @a295页@d19厘米
330    @a本书汇集了鸡、鸭、猪、牛、水貂、草鱼等的配合饲料配方和添加剂配方共700多个(组)。这些配方都是经过科学实践的生产用配方及其饲料的配比以及所含能量、氨基酸、矿物质等。
606 0  @a配合饲料@x配方@x手册
690    @aS816.8@v三版
701  0 @a罗伯英@9luo bo ying@4编著
701  0 @a汤健华@9tang jian hua@4编著
801  0 @aCN@bAiZhiMarc@c19921104
905    @aBZT@dS816.8@e94@f1@sS816.8/94
    
    饲料配方手册/罗伯英,汤健华编著.-北京:世界图书出版公司,1989.8
    295页;19厘米
    
    
    ISBN 7-5062-0441-X:CNY4.90
    本书汇集了鸡、鸭、猪、牛、水貂、草鱼等的配合饲料配方和添加剂配方共700多个(组)。这些配方都是经过科学实践的生产用配方及其饲料的配比以及所含能量、氨基酸、矿物质等。
●
相关链接 在五车中查询图书 在当当中查询图书 在豆瓣中查询图书


正题名:饲料配方手册     索取号:S816.8/94         预约/预借

序号 登录号 条形码 馆藏地/架位号 状态 备注
1 2000108841   2000108841   旧书回溯/ [索取号:S816.8/94] 在馆    
山东省滨州职业学院图书馆 欢迎您!
大连网信软件有限公司© 版权所有